Score 0/20 Timer 05:00
5 Plays Today
% Correct
Home Alone
95.2%
Batman
93.7%
Dumb and Dumber
84.4%
The Hangover
83.8%
Airplane!
83.5%
The Help
73.4%
Weekend at Bernie's
72.5%
Beverly Hills Cop
71.4%
Harry Potter and the Order of the Phoenix
65.5%
Back to the Future
63.2%
% Correct
Blazing Saddles
60.6%
Fast Times at Ridgemont High
59.2%
Animal House
58.8%
Stand By Me
53.5%
Tommy Boy
53.4%
Billy Madison
52.9%
Matilda
52.2%
Caddyshack
45.2%
Pee Wee's Big Adventure
34.3%
Real Genius
14.3%
Remove Ads.
Support Sporcle.
Get the best of Sporcle when you Go Orange. This ad-free experience offers more features, more stats, and more fun while also helping to support Sporcle. Thank you for becoming a member.

You're not logged in!

Compare scores with friends on all Sporcle quizzes.
OR
Log In

Show Comments

Extras

Top Quizzes Today


Score Distribution

Your Account Isn't Verified!

In order to create a playlist on Sporcle, you need to verify the email address you used during registration. Go to your Sporcle Settings to finish the process.

Report this User

Report this user for behavior that violates our Community Guidelines.

Details: